000 00839cam a22002533a 4500
001 2704
003 PGUSA
005 20140828083020.0
008 010701s2001||||xxu|||||s|||||000 | eng d
040 _aPGUSA
_beng
042 _adc
050 4 _aE201
100 1 _aWrong, George McKinnon,
_d1860-1948
245 1 0 _aWashington and His Comrades in Arms :
_bA Chronicle of the War of Independence
_h[electronic resource] /
_cGeorge McKinnon Wrong
260 _bProject Gutenberg,
_c2001
506 _aPublic domain in the USA.
516 _aElectronic text
653 _aUnited States -- History -- Revolution, 1775-1783
653 _aWashington, George, 1732-1799 -- Military leadership
700 1 _aJohnson, Allen,
_d1870-1931
830 0 _aProject Gutenberg
_v2704
856 4 0 _uhttp://www.gutenberg.org/ebooks/2704
942 _cEB
999 _c232037
_d232037